Modeling and Simulation in Scilab/Scicos with ScicosLab 4.4

Gespeichert in:
Bibliographische Detailangaben
Hauptverfasser: Campbell, Stephen L. (Verfasst von), Chancelier, Jean-Philippe (Verfasst von), Nikoukhah, Ramine (Verfasst von)
Format: Buch
Sprache:Englisch
Veröffentlicht: New York : Springer Verlag, 2010
Ausgabe:2.ed.
Schlagworte:
Tags: Tag hinzufügen
Keine Tags, Fügen Sie das erste Tag hinzu!

MARC

LEADER 00000nam a22000003a 4500
001 stu202798
005 20150617225736.9
008 100427s2006----xxu-----------------eng-d
020 |a 978-1-4419-5526-5 
040 |a STU  |b slo 
041 0 |a eng 
044 |a xxu 
080 |a 004.42 
080 |a 519.6 
080 |a 519.876.5 
100 1 |a Campbell, Stephen L.  |4 aut 
245 1 |a Modeling and Simulation in Scilab/Scicos with ScicosLab 4.4 
250 |a 2.ed. 
260 |a New York :  |b Springer Verlag,  |c 2010 
300 |a 330 s 
650 7 |a modelovanie  |2 stusub 
650 7 |a simulácia  |2 stusub 
650 7 |a programové systémy  |2 stusub 
700 1 |a Chancelier, Jean-Philippe  |4 aut 
700 1 |a Nikoukhah, Ramine  |4 aut 
996 |b 284EK88254  |c E*88254  |l EE30  |s P  |a 0  |w stu202798_0001